00292nam a2200121Ia 4500008004100000082001800041100001900059245003500078250000800113260002400121300000800145650001700153191201s2010 xx 000 0 und d a658.4038bOBM aO BRIEN, James 0aManagement Information Systems aRep aN. DelhibTMHc2010 a831 aM.Tech (ECE)